00407nam a2200109 4500008004100000020001500041100002200056245012100078250002600199260003600225300003600261240209b |||||||| |||| 00| 0 eng d a0070308217 aHuckin, Thomas N. 6 aEnglish for science and technology : a handbook for nonnative speakersc/ by Thomas N. Huckin and Leslie A. Olsen aInternational edition aNew York :bMcGraw-Hill, c1983 a xvii, 549 pages : illustration